00815nam a22001935i 4500001000700000003000900007005001700016008004100033080001500074100003100089245014300120260014700263300004500410500002700455504003000482650003800512710003000550852004100580178666ES-MaACL20230906220601.0110610s1971 sp f |||| | spa d a618.19-0061 aVendrell Torné, Enrique.10aLinfogammagrafía de la mama / cresumen de la tesis presentada para aspirar al grado de doctor en medicina por Enrique Vendrell Torné. aBarcelona : bUniversidad de Barcelona, Secretariado de Publicaciones, Intercambio Científico y Extensión Universitaria : bIvern, c1971. a33, [4] p. de lám. bl. y n. ; c24 cm. aCub. tomada como port. aBibliografía: p. 31-33. 4aMamas-xCáncer-vDiagnóstico.2 aUniversidad de Barcelona. aES-MaACLjE-15361 (73) xOlim P-1374